Power, politics & law : dynamics of constitutional change in Kenya, 1887-2022 / (Record no. 4325)

000 -LEADER
fixed length control field 00742cam a22002415i 4500
001 - CONTROL NUMBER
control field 22726916
003 - CONTROL NUMBER IDENTIFIER
control field OSt
005 - DATE AND TIME OF LATEST TRANSACTION
control field 20221107162821.0
008 - FIXED-LENGTH DATA ELEMENTS--GENERAL INFORMATION
fixed length control field 220729s2022 ke b 001 0 eng
010 ## - LIBRARY OF CONGRESS CONTROL NUMBER
LC control number 2022322657
020 ## - INTERNATIONAL STANDARD BOOK NUMBER
International Standard Book Number 9789914996401
040 ## - CATALOGING SOURCE
Original cataloging agency DLC
Language of cataloging eng
Description conventions rda
Transcribing agency DLC
042 ## - AUTHENTICATION CODE
Authentication code lcode
-- pcc
050 ## - LIBRARY OF CONGRESS CALL NUMBER
Classification number KSZ306.5.M85 2022
100 1# - MAIN ENTRY--PERSONAL NAME
Personal name Muigai, Githu.
245 10 - TITLE STATEMENT
Title Power, politics & law : dynamics of constitutional change in Kenya, 1887-2022 /
Statement of responsibility, etc Githu Muigai with Dan Juma.
260 ## - PUBLICATION, DISTRIBUTION, ETC. (IMPRINT)
Name of publisher, distributor, etc Kabarak University Press
Date of publication, distribution, etc 2022
300 ## - PHYSICAL DESCRIPTION
Extent 384 pages ;
Dimensions 25 cm
504 ## - BIBLIOGRAPHY, ETC. NOTE
Bibliography, etc Includes bibliographical references and index.
906 ## - LOCAL DATA ELEMENT F, LDF (RLIN)
a 0
b ibc
c origode
d 2
e ncip
f 20
g y-gencatlg
942 ## - ADDED ENTRY ELEMENTS (KOHA)
Source of classification or shelving scheme
Koha item type Book
Holdings
Withdrawn status Lost status Source of classification or shelving scheme Damaged status Not for loan Home library Current library Shelving location Date acquired Total Checkouts Total Renewals Full call number Barcode Date last seen Date checked out Copy number Price effective from Koha item type
          Riara University Library Riara University Library General stack 07/11/2022 5 1 KSZ306.5.M85 2022 6063/15 11/03/2025 20/02/2025 C.1 07/11/2022 Book
          Riara University Library Riara University Library General stack 07/11/2022 3 1 KSZ306.5.M85 2022 6064/15 07/11/2023 18/10/2023 C.2 07/11/2022 Book
          Riara University Library Riara University Library General stack 07/11/2022 5 4 KSZ306.5.M85 2022 6065/15 03/06/2024 20/05/2024 C.3 07/11/2022 Book
          Riara University Library Riara University Library General stack 07/11/2022 3   KSZ306.5.M85 2022 6066/15 11/10/2023 25/09/2023 C.4 07/11/2022 Book
          Riara University Library Riara University Library General stack 07/11/2022 3 1 KSZ306.5.M85 2022 6067/15 11/10/2023 03/10/2023 C.5 07/11/2022 Book
          Riara University Library Riara University Library   01/08/2023 4 1 KSZ306.5.M85 2022 7734/16 11/02/2025 16/01/2025 C.6 01/08/2023 Book
          Riara University Library Riara University Library   01/08/2023 2 1 KSZ306.5.M85 2022 8514/16 26/08/2024 25/07/2024 C.7 01/08/2023 Book
          Riara University Library Riara University Library   01/08/2023 5   KSZ306.5.M85 2022 6101/15 12/06/2024 31/05/2024 C.8 01/08/2023 Book
          Riara University Library Riara University Library   01/08/2023 1 1 KSZ306.5.M85 2022 6102/15 03/03/2025 21/01/2025 C.9 01/08/2023 Book
          Riara University Library Riara University Library   01/08/2023 2   KSZ306.5.M85 2022 6100/15 15/02/2024 07/02/2024 C.10 01/08/2023 Book
          Riara University Library Riara University Library General stack 01/08/2023 2   KSZ 306.5.M85 2022 6103/15 19/10/2023 12/10/2023 C.11 01/08/2023 Book
          Riara University Library Riara University Library General stack 01/08/2023 4 1 KSZ306.5.M85 2022 6105/15 16/06/2025 30/05/2025 C.12 01/08/2023 Book
          Riara University Library Riara University Library General stack 01/08/2023     KSZ306.5.M85 2022 6959/16 01/08/2023   C.13 01/08/2023 Book

Riara University Library,
P.O. Box 49940-00100,
Nairobi, Kenya.